Porovnanie stratégií Priemyslu 4.0 na Slovensku a vo vybraných krajinách
Analýza prístupu stratégií Nemecka, Českej republiky a Slovenska týkajúceho sa Priemyslu 4.0.
Saved in:
| Main Author: | |
|---|---|
| Format: | Book Chapter |
| Language: | Slovak |
| Subjects: | |
| Tags: |
No Tags, Be the first to tag this record!
|
MARC
| LEADER | 00000naa a2200000 4500 | ||
|---|---|---|---|
| 001 | 0227838 | ||
| 005 | 20240502073743.7 | ||
| 041 | 0 | |a slo | |
| 044 | |a SK | ||
| 245 | 1 | 0 | |a Porovnanie stratégií Priemyslu 4.0 na Slovensku a vo vybraných krajinách |c Tatiana Hlušková |
| 520 | |a Analýza prístupu stratégií Nemecka, Českej republiky a Slovenska týkajúceho sa Priemyslu 4.0. | ||
| 610 | 2 | 0 | |a revolúcia priemyselná |
| 610 | 2 | 0 | |a výroba priemyselná |
| 610 | 2 | 0 | |a technológie informačné |
| 610 | 2 | 0 | |a technológie komunikačné |
| 610 | 2 | 0 | |a technológie nové |
| 610 | 2 | 0 | |a porovnanie medzinárodné |
| 610 | 2 | 0 | |a Slovensko |
| 610 | 2 | 0 | |a Česko |
| 610 | 2 | 0 | |a Nemecko |
| 100 | 1 | |a Hlušková, Tatiana, 1987- | |